Catalog

Record Details

Catalog Search



Available copies

  • 5 of 6 copies available at LARL/NWRL Consortium.
  • 1 of 2 copies available at Lake Agassiz Regional Library. (Show preferred library)

Current holds

0 current holds with 6 total copies.

Show Only Available Copies
Location Call Number / Copy Notes Barcode Shelving Location Status Due Date
Crookston Public Library J ELL (Text) 33500013302872 Main Available -
Detroit Lakes Public Library J ELL (Text) 33500014130876 Main Checked out 07/03/2026
Greenbush Public Library j ELL (Text) 35500006330391 Main Available -
Hallock Public Library j ELL (Text) 35500006751828 Main Available -
Roseau Public Library j ELL (Text) 35500006733172 Main Available -
Roseau Public Library j ELL (Text) 35500006912438 Main Available -

Record details

  • ISBN: 9781338298758
  • ISBN: 1338298755
  • ISBN: 9781338298765
  • ISBN: 1338298763
  • ISBN: 9789389823622
  • ISBN: 9781098252359
  • Physical Description: 70 pages : color illustrations ; 20 cm.
  • Edition: First edition.
  • Publisher: New York : Branches/Scholastic, 2020.

Content descriptions

Summary, etc.:
Eva's class is putting on a play, Snowy White and ... Read More
Target Audience Note:
Ages 5-7. Scholastic.
Grades K-1. Scholastic.
Subject: Owls > Juvenile fiction.
Children's plays > Juvenile fiction.
Elementary schools > Juvenile fiction.
Diaries > Juvenile fiction.
Snow White (Tale) > Drama > Juvenile fiction.
Owls > Fiction.
Theater > Fiction.
Schools > Fiction.
Diaries > Fiction.
Children's plays.
Diaries.
Elementary schools.
Owls.
Snow White (Tale)
Genre: Fiction.
Juvenile works.
LDR 02388cam a22006258i 4500
001349057
003LARL_NWRL_CONSORTIUM
00520240102172459.0
008191204t20202020nyu b 000 1 eng
010 . ‡a 2019052815
040 . ‡aNJQ/DLC ‡beng ‡erda ‡cDLC ‡dOCLCO ‡dOCLCF
020 . ‡a9781338298758 ‡q(paperback)
020 . ‡a1338298755
020 . ‡a9781338298765 ‡q(library binding)
020 . ‡a1338298763
020 . ‡a9789389823622
020 . ‡a9781098252359
020 . ‡z9781338298789 ‡q(ebk)
035 . ‡a(OCoLC)1130319080
042 . ‡alcac ‡apcc
08204. ‡a[Fic] ‡223
1001 . ‡aElliott, Rebecca, ‡eauthor. ‡0(LARL_NWRL_CONSORTIUM)220996
24510. ‡aEva in the spotlight / ‡cRebecca Elliott.
250 . ‡aFirst edition.
264 1. ‡aNew York : ‡bBranches/Scholastic, ‡c2020.
264 4. ‡c©2020
300 . ‡a70 pages : ‡bcolor illustrations ; ‡c20 cm.
336 . ‡atext ‡btxt ‡2rdacontent
337 . ‡aunmediated ‡bn ‡2rdamedia
338 . ‡avolume ‡bnc ‡2rdacarrier
4900 . ‡aOwl diaries ; ‡v13
5211 . ‡aAges 5-7. ‡bScholastic.
5212 . ‡aGrades K-1. ‡bScholastic.
520 . ‡aEva's class is putting on a play, Snowy White and the seven owlets, but Eva is a little disappointed when she is cast as the Magic Mirror (and Snowy White's understudy); the owl students are making all the sets, props, and costumes, and rehearsal is a little chaotic--but the play is going well until Snowy White hurts her leg and Eva has to fill in for real.
650 0. ‡aOwls ‡vJuvenile fiction. ‡0(LARL_NWRL_CONSORTIUM)173876
650 0. ‡aChildren's plays ‡vJuvenile fiction.
650 0. ‡aElementary schools ‡vJuvenile fiction.
650 0. ‡aDiaries ‡vJuvenile fiction. ‡0(LARL_NWRL_CONSORTIUM)171810
650 0. ‡aSnow White (Tale) ‡vDrama ‡vJuvenile fiction.
650 1. ‡aOwls ‡vFiction.
650 1. ‡aTheater ‡vFiction. ‡0(LARL_NWRL_CONSORTIUM)175854
650 1. ‡aSchools ‡vFiction. ‡0(LARL_NWRL_CONSORTIUM)167222
650 1. ‡aDiaries ‡vFiction. ‡0(LARL_NWRL_CONSORTIUM)168979
650 7. ‡aChildren's plays. ‡2fast ‡0(LARL_NWRL_CONSORTIUM)16448
650 7. ‡aDiaries. ‡2fast ‡0(LARL_NWRL_CONSORTIUM)18515
650 7. ‡aElementary schools. ‡2fast ‡0(LARL_NWRL_CONSORTIUM)19191
650 7. ‡aOwls. ‡2fast ‡0(LARL_NWRL_CONSORTIUM)27395
650 7. ‡aSnow White (Tale) ‡2fast ‡0(LARL_NWRL_CONSORTIUM)38372
655 7. ‡aFiction. ‡2fast
655 7. ‡aJuvenile works. ‡2fast
905 . ‡uvanderl
901 . ‡a349057 ‡b ‡c349057 ‡tbiblio ‡soclc

Additional Resources